000 03051nam a22003137i 4500
001 TCPA 71
003 gtcocun
005 20250902230244.0
006 a||||gr|||| 00| 0
008 250902b2019 gt ||||| m||| 00| 0 eng d
040 _agtcocun
_bSPA
_cgtcocun
_eRDA
041 _aSPA
084 _0TCPA 71
100 _aCabrera Pop, Marvin Edmundo
_eAutor
245 _aTesis: Gestión de inventarios de productos alimenticios en organizaciones con fines de beneficencia ubicadas en el área urbana del municipio de Cobán, Alta Verapaz/
_cMarvin Edmundo Cabrera Pop
_hImpreso
264 _aCobán, Alta Verapaz:
_bUniversidad de San Carlos de Guatemala, Centro Universitario del Norte, Licenciatura en Contaduría Pública y Auditoría.
_c2019
300 _a89 p.:
_bIlustraciones, gráficas.
_c28 cm;
336 _2rdacontenido
_aTexto
_btxt
337 _2rdamedio
_aComputadora
_bn
338 _2rdasoporte
_aCódigo en línea
_bcr
502 _e.
502 _aTesis de grado
_bLicenciatura en Contaduría Pública y Auditoría.
_cUniversidad de San Carlos de Guatemala, Centro Universitario del Norte, Licenciatura en Contaduría Pública y Auditoría.
_d2019
_oTCPA 71
520 1 4 _aEl profesional de las ciencias económicas Contador Público y Auditor, se caracteriza por ser una persona con amplios conocimientos y experto en las áreas de Control Interno, contabilidad y legislación tributaria. El Centro Universitario del Norte (CUNOR) presenta varias opciones para obtener el grado de licenciatura, una de ellas es la realización de tesis. Las organizaciones con fines de beneficencia en Guatemala se caracterizan por ser entidades no gubernamentales. Las acciones que realizan son en mejora de las condiciones y calidad de vida de las personas guatemaltecas. Estas entidades cobraron mayor auge después del terremoto de 1976. El concepto de beneficencia se utiliza principalmente para nombrar al conjunto de instituciones de servicios con fines benéficos. Estos esfuerzos solidarios pueden ser desarrollados por individuos particulares o por grupos de organizaciones o entidades. Estas instituciones se caracterizan por ser, no lucrativas y obtienen sus recursos a través de sectores públicos, privados, apoyo económico nacional y organismos internacionales. Además que cuentan con beneficios y exoneraciones otorgadas por el Estado. La mayoría de las organizaciones con fines de beneficencia son financiadas parcialmente por instituciones y organismos internacionales quien además de brindarles el recurso, las asesora en su funcionamiento y dirección, esto con el objetivo de tener sus proyectos con los mejores resultados posibles.
650 _2LEMB
_aCobán, Alta Verapaz
_xclases de inventario
_xcontrol interno
_xno lucrativas
700 _aLic. Selvin Wotzbelli Castellanos Reyes
_eAsesor
856 _uhttps://drive.google.com/file/d/1Jy1qykx-vVpCBrLMVVP0f9XMzFE4j17H/view?usp=sharing
_yPDF
_zUn ejemplar en línea.
942 _2ddc
_cTES
_iTCPA_71
_kClasificación
_n0
_6TCPA__71
999 _c1631
_d1631